| 000 | 00000nas 2200000za 4500 |
| 001 | 9.500856 |
| 003 | CaOODSP |
| 005 | 20250403104649 |
| 007 | cr ||||||||||| |
| 008 | 150406c1993||||xxc|| m o||||f| |0fre|d |
| 022 | |a1481-1758 |
| 040 | |aCaOODSP|bfre |
| 043 | |an-cn--- |
| 086 | 1 |aCS92-0138F-PDF |
| 222 | 0|aSérie de document de travail de la géographie |b(En ligne) |
| 245 | 00|aSérie de documents de travail de la géographie |h[ressource électronique] |
| 260 | |aOttawa - Ontario : |bStatistique Canada |
| 310 | |aIrrégulier |
| 362 | 1 |aN° 1993-1 - |
| 710 | 2 |aStatistique Canada. |
| 775 | 08|tGeography working paper series |w(CaOODSP)9.504435 |